[Event "Vienna Advent op"]
[Site "Vienna"]
[Date "2024.12.10"]
[Round "2"]
[White "Goci, Philipp"]
[Black "Bury, Rastislav"]
[Result "0-1"]
[WhiteElo "1699"]
[BlackElo "2104"]
[PlyCount "126"]
[EventDate "2024.12.09"]
[EventType "swiss"]
[EventRounds "7"]
[EventCountry "AUT"]
[SourceTitle "CB04_2025"]
[SourceDate "2025.01.22"]
[SourceVersion "1"]
[SourceVersionDate "2025.01.22"]
[SourceQuality "1"]

1. e4 c5 2. Nc3 d6 3. f4 g6 4. Nf3 Bg7 5. Bc4 Nc6 6. d3 e6 7. 0-0 Nge7 8. f5 gxf5 9. Qe1 Ne5 10. Qg3 Nxf3+ 11. Rxf3 Be5 12. Bf4 Bxf4 13. Qxf4 a6 14. a4 Ng6 15. Qh6 f4 16. Rxf4 Nxf4 17. Qxf4 Rg8 18. Rf1 Rg7 19. h4 Qe7 20. e5 dxe5 21. Qxe5 f5 22. Ne2 Qc7 23. Rxf5 Qxe5 24. Rxe5 b6 25. Nf4 Raa7 26. Nd5 Kd8 27. Nxb6 Bb7 28. Re2 Bc6 29. a5 e5 30. Bd5 Bxd5 31. Nxd5 Rg4 32. h5 Rg5 33. b4 cxb4 34. Nxb4 Kd7 35. Nd5 Kd6 36. Nf6 Ke6 37. Ne4 Rxh5 38. c4 Rf5 39. Rb2 Ke7 40. Rb6 Rf7 41. c5 Kd8 42. Nd6 Rfc7 43. Rb8+ Kd7 44. Ne4 Rcb7 45. Rh8 Kc6 46. Re8 Re7 47. Rc8+ Kb5 48. Nc3+ Kxa5 49. Nd5 Red7 50. Nb6 Rxd3 51. Nc4+ Kb5 52. Nxe5 Rd5 53. Nf3 Rxc5 54. Rb8+ Kc4 55. Nd2+ Kd3 56. Rd8+ Kc2 57. Ne4 Rc4 58. Nd2 Rc6 59. Nf3 Kb2 60. Nd4 Rc1+ 61. Kh2 a5 62. Rb8+ Ka2 63. Nc6 Rxc6 0-1